000 00291nam a22001337a 4500
008 170605b xxu||||| |||| 00| 0 eng d
020 _a9781566394659
041 _aeng
080 _a94
100 _a18
101 _aSHH
245 _aORPHANAGES RECONSIDERED
_cZMORA.N
942 _2udc
_cBK
999 _c15993
_d15993